[Event "12th EUR-ch"]
[Site "Aix-les-Bains FRA"]
[Date "2011.03.24"]
[Round "3.59"]
[White "Salgado Lopez, Ivan"]
[Black "Gallagher, Joseph"]
[Result "1/2-1/2"]
[WhiteElo "2630"]
[BlackElo "2500"]
[EventDate "2011.03.22"]
[PlyCount "82"]

1.e4 c5 2.Nf3 d6 3.d4 cxd4 4.Nxd4 Nf6 5.Nc3 a6 6.Be3 e5 7.Nf3 Be7 8.Bc4 
O-O 9.O-O Qc7 10.Bb3 Be6 11.Nh4 g6 12.Nf3 Re8 13.Qe2 b5 14.Ng5 Bxb3 15.
axb3 b4 16.Nd5 Nxd5 17.exd5 Nd7 18.Rxa6 Rxa6 19.Qxa6 Qxc2 20.h3 Qxb3 21.
Qc6 Nf6 22.Ne4 Rd8 23.Bg5 Nxe4 24.Bxe7 Rb8 25.Bxd6 Nxd6 26.Qxd6 Re8 27.Qd7
Rf8 28.d6 Qxb2 29.Qe7 b3 30.d7 Qd4 31.Rb1 b2 32.g3 Kg7 33.Qe8 h6 34.h4 h5 
35.Rf1 Qd6 36.Rb1 Qd4 37.Rf1 Qd6 38.Rb1 Qb8 39.Qe7 Qc7 40.d8=Q Qxd8 41.
Qxe5+ Qf6 1/2-1/2

[Event "12th EUR-ch"]
[Site "Aix-les-Bains FRA"]
[Date "2011.03.24"]
[Round "3.60"]
[White "Michalik, Peter"]
[Black "Safarli, Eltaj"]
[Result "1/2-1/2"]
[WhiteElo "2471"]
[BlackElo "2628"]
[EventDate "2011.03.22"]
[PlyCount "53"]

1.d4 Nf6 2.Nf3 g6 3.c4 Bg7 4.g3 d5 5.cxd5 Nxd5 6.Bg2 Nb6 7.Nc3 Nc6 8.e3 
O-O 9.O-O Re8 10.Re1 a5 11.Qe2 Be6 12.Nd2 a4 13.Rd1 f5 14.Rb1 Bf7 15.b4 
axb3 16.axb3 Nd5 17.Bb2 Nxc3 18.Bxc3 Bd5 19.Ra1 Rxa1 20.Rxa1 e5 21.dxe5 
Bxe5 22.Bxe5 Nxe5 23.Nf3 Nxf3+ 24.Bxf3 Bxf3 25.Qxf3 c6 26.Rd1 Qe7 27.Rd4 
1/2-1/2

[Event "12th EUR-ch"]
[Site "Aix-les-Bains FRA"]
[Date "2011.03.24"]
[Round "3.61"]
[White "Saric, Ivan"]
[Black "Potapov, Pavel"]
[Result "1/2-1/2"]
[WhiteElo "2626"]
[BlackElo "2474"]
[EventDate "2011.03.22"]
[PlyCount "113"]

1.e4 c5 2.Nf3 Nc6 3.d4 cxd4 4.Nxd4 e5 5.Nb5 d6 6.N1c3 a6 7.Na3 Be7 8.Be3 
Nf6 9.Nc4 O-O 10.Bb6 Qd7 11.Be2 Rb8 12.O-O Bd8 13.Be3 Bc7 14.Nb6 Qd8 15.
Nbd5 Nxd5 16.Nxd5 Be6 17.Nxc7 Qxc7 18.c4 Ne7 19.Qd3 f5 20.f3 b5 21.cxb5 
axb5 22.Rac1 Qd7 23.Rfd1 Rfd8 24.Bg5 fxe4 25.fxe4 h6 26.Bh4 g5 27.Bf2 Ng6 
28.g3 Bc4 29.Qd2 Bxa2 30.h4 gxh4 31.Qxh6 Qg7 32.Qxg7+ Kxg7 33.gxh4 Nf4 34.
Bf1 Bc4 35.Bg3 Kf6 36.Rd2 Rg8 37.Kh2 Rg4 38.Bxc4 bxc4 39.Rxc4 Rbg8 40.Rc3 
Ke6 41.Re3 Nh5 42.Red3 Nxg3 43.Rxd6+ Kf7 44.Rd7+ Kf8 45.Rd8+ Kg7 46.Rxg8+ 
Kxg8 47.Rg2 Nf1+ 48.Kh3 Rxg2 49.Kxg2 Nd2 50.b4 Nxe4 51.b5 Nd6 52.b6 Kf7 
53.Kf3 Kf6 54.h5 Kg5 55.h6 Kxh6 56.b7 Nxb7 57.Ke4 1/2-1/2

[Event "12th EUR-ch"]
[Site "Aix-les-Bains FRA"]
[Date "2011.03.24"]
[Round "3.62"]
[White "Matlakov, Maxim"]
[Black "Goganov, Aleksey"]
[Result "1/2-1/2"]
[WhiteElo "2625"]
[BlackElo "2469"]
[EventDate "2011.03.22"]
[PlyCount "104"]

1.c4 Nf6 2.Nc3 e6 3.Nf3 d5 4.d4 Be7 5.Bg5 O-O 6.Qc2 dxc4 7.e4 Nc6 8.Rd1 
Nb4 9.Qb1 Nd3+ 10.Bxd3 cxd3 11.O-O b6 12.Qxd3 Bb7 13.Qc2 h6 14.Bh4 Nh5 15.
Bg3 Nxg3 16.hxg3 Bb4 17.Ne2 Bd6 18.a3 Rc8 19.Nc3 Qd7 20.Rfe1 Rfd8 21.g4 
Qe8 22.Qc1 Bf8 23.g5 hxg5 24.Qxg5 Qe7 25.Qg4 Qf6 26.e5 Qf5 27.Qxf5 exf5 
28.d5 Rd7 29.e6 fxe6 30.dxe6 Rxd1 31.Rxd1 Re8 32.Nd4 g6 33.Ndb5 Rxe6 34.
Nxc7 Rd6 35.Rxd6 Bxd6 36.N7b5 Bb8 37.f3 a6 38.Nd4 Be5 39.Nde2 Bc6 40.Kf2 
f4 41.g3 fxg3+ 42.Nxg3 Bd4+ 43.Ke2 Kf7 44.f4 Ke6 45.Kd3 Bf6 46.b3 Be7 47.
a4 Bg2 48.Nce2 Bd6 49.f5+ gxf5 50.Nd4+ Ke5 51.Ndxf5 Bc5 52.Ne3 Bf3 1/2-1/2

[Event "12th EUR-ch"]
[Site "Aix-les-Bains FRA"]
[Date "2011.03.24"]
[Round "3.63"]
[White "Caspi, Israel"]
[Black "Romanov, Evgeny"]
[Result "1/2-1/2"]
[WhiteElo "2451"]
[BlackElo "2624"]
[EventDate "2011.03.22"]
[PlyCount "57"]

1.e4 c6 2.d4 d5 3.e5 Bf5 4.Nd2 e6 5.Nb3 Nd7 6.Nf3 h6 7.Be2 Ne7 8.O-O Nc8 
9.a4 Be7 10.a5 O-O 11.a6 b5 12.Ne1 Ncb6 13.Bd3 Bxd3 14.Nxd3 Nc4 15.Qg4 Kh7
16.Re1 Qc8 17.Nbc5 Ncb6 18.Re3 Rg8 19.Qh5 Qe8 20.Rh3 Bf8 21.Bf4 Nxc5 22.
Nxc5 f5 23.exf6 Qxh5 24.Rxh5 g5 25.f7 Rg6 26.Be5 Bxc5 27.dxc5 Nd7 28.Bd6 
Rf6 29.Ra3 1/2-1/2

[Event "12th EUR-ch"]
[Site "Aix-les-Bains FRA"]
[Date "2011.03.24"]
[Round "3.64"]
[White "Vernay, Clovis"]
[Black "Ivanisevic, Ivan"]
[Result "1/2-1/2"]
[WhiteElo "2449"]
[BlackElo "2617"]
[EventDate "2011.03.22"]
[PlyCount "141"]

1.d4 Nf6 2.c4 c5 3.d5 b5 4.cxb5 a6 5.bxa6 g6 6.Nc3 Bxa6 7.g3 d6 8.Bg2 Bg7 
9.Nf3 Nbd7 10.O-O Nb6 11.Re1 O-O 12.h3 Qc7 13.Bg5 h6 14.Bf4 g5 15.Bc1 e6 
16.dxe6 fxe6 17.h4 gxh4 18.Nxh4 Rad8 19.Ng6 Rfe8 20.e4 Qf7 21.Nf4 h5 22.
Bf3 Rf8 23.Qb3 Nc4 24.Be2 e5 25.Nh3 Kh8 26.Ng5 Qg8 27.Nd5 Nxd5 28.Bxc4 
Bxc4 29.Qxc4 Bh6 30.Qxd5 Bxg5 31.Qxg8+ Rxg8 32.Bxg5 Rxg5 33.a4 Kg7 34.a5 
Kf6 35.a6 Rg7 36.Re3 Rb8 37.a7 Ra8 38.Ra6 Rd7 39.Rd3 Ke7 40.Rda3 Rb7 41.b3
Kd7 42.Kg2 Rb4 43.R6a4 Rb7 44.Kh3 Kc6 45.Ra6+ Kb5 46.R3a4 Rf7 47.R6a5+ Kb6
48.Kg2 Rf6 49.Ra2 Rh6 50.Kh3 Rf6 51.Kg2 Rh6 52.R5a4 Kb5 53.Kh3 Rf6 54.Kg2 
Rh6 55.f3 Rg6 56.Kh3 Rf6 57.Rf2 Rf7 58.f4 exf4 59.gxf4 Raxa7 60.Rxa7 Rxa7 
61.f5 c4 62.bxc4+ Kxc4 63.f6 Rf7 64.Kh4 Kd4 65.Kxh5 Kxe4 66.Kg6 Rf8 67.Kg7
Rb8 68.f7 d5 69.Re2+ Kf4 70.Re8 Rb7 71.Kf6 1/2-1/2

[Event "12th EUR-ch"]
[Site "Aix-les-Bains FRA"]
[Date "2011.03.24"]
[Round "3.65"]
[White "Hammer, Jon Ludvig"]
[Black "Bok, Benjamin"]
[Result "1/2-1/2"]
[WhiteElo "2606"]
[BlackElo "2463"]
[EventDate "2011.03.22"]
[PlyCount "52"]

1.Nf3 Nf6 2.c4 g6 3.Nc3 d5 4.cxd5 Nxd5 5.h4 Nf6 6.d4 Bg7 7.e4 O-O 8.Bc4 c5
9.d5 b5 10.Nxb5 Nxe4 11.O-O a6 12.Nc3 Nxc3 13.bxc3 Bg4 14.Bg5 h6 15.Be3 
Nd7 16.Be2 Nb6 17.c4 Bxf3 18.gxf3 Qd6 19.Rb1 Qf6 20.Bxc5 Qxh4 21.Bxb6 Be5 
22.f4 Qxf4 23.Kg2 Qh2+ 24.Kf3 Qf4+ 25.Kg2 Qh2+ 26.Kf3 Qf4+ 1/2-1/2

[Event "12th EUR-ch"]
[Site "Aix-les-Bains FRA"]
[Date "2011.03.24"]
[Round "3.67"]
[White "Denisov, Ivan"]
[Black "Balogh, Csaba"]
[Result "0-1"]
[WhiteElo "2300"]
[BlackElo "2601"]
[EventDate "2011.03.22"]
[PlyCount "106"]

1.e4 c5 2.Nf3 e6 3.d4 cxd4 4.Nxd4 a6 5.Nc3 b5 6.Bd3 d6 7.O-O Nf6 8.Qf3 Bb7
9.a3 Be7 10.Qg3 O-O 11.Bh6 Ne8 12.Be3 Nd7 13.Kh1 Nc5 14.Rad1 Rc8 15.f4 Nf6
16.e5 Nd5 17.Nxd5 Bxd5 18.f5 Bh4 19.Qh3 Nxd3 20.f6 Nxe5 21.Qxh4 Ng6 22.Qg5
gxf6 23.Rxf6 Rc7 24.Rdf1 e5 25.c3 Bc4 26.R1f2 exd4 27.Bxd4 Re7 28.h4 Re4 
29.h5 Rh4+ 30.Kg1 Re8 31.Rf1 Rxd4 32.hxg6 fxg6 33.cxd4 Bxf1 34.Qd5+ Kh8 
35.Rxf1 Qe7 36.Qf3 Kg7 37.Rc1 Rf8 38.Qh3 h5 39.Kh1 Rf4 40.Kg1 Rxd4 41.Qf3 
Re4 42.Qc3+ Kh6 43.Qh8+ Kg5 44.Rc3 Qa7+ 45.Kh2 Rh4+ 46.Kg3 Qe7 47.Kf2 Rf4+
48.Rf3 Rxf3+ 49.gxf3 Qf6 50.Qc8 Qxb2+ 51.Kg3 Qe5+ 52.Kg2 Qe2+ 53.Kg3 h4+ 
0-1

[Event "12th EUR-ch"]
[Site "Aix-les-Bains FRA"]
[Date "2011.03.24"]
[Round "3.68"]
[White "Kulaots, Kaido"]
[Black "Govciyan, Pavel"]
[Result "1/2-1/2"]
[WhiteElo "2601"]
[BlackElo "2434"]
[EventDate "2011.03.22"]
[PlyCount "85"]

1.e4 e5 2.Nf3 Nc6 3.Bb5 Bc5 4.O-O Nd4 5.Nxd4 Bxd4 6.c3 Bb6 7.d4 c6 8.Ba4 
d6 9.Na3 Nf6 10.Bg5 O-O 11.Bc2 h6 12.Bh4 g5 13.Bg3 Bg4 14.Qd3 Qe7 15.Nc4 
Bc7 16.Ne3 Be6 17.Qe2 h5 18.h3 Rae8 19.Rae1 Kg7 20.h4 Ng4 21.hxg5 Qxg5 22.
f4 exf4 23.Bxf4 Qd8 24.Qf3 Rh8 25.Bb3 d5 26.e5 Reg8 27.Bc2 Qd7 28.Bg3 Nxe3
29.Rxe3 Bd8 30.Bf5 Kf8 31.Be1 Ke8 32.Re2 Bxf5 33.Qxf5 Qe6 34.Bd2 Be7 35.
Rf3 Rg7 36.Ref2 c5 37.Qd3 a6 38.Be3 c4 39.Qf5 Bh4 40.Re2 Be7 41.Ref2 Bh4 
42.Re2 Be7 43.Ref2 1/2-1/2

[Event "12th EUR-ch"]
[Site "Aix-les-Bains FRA"]
[Date "2011.03.24"]
[Round "3.69"]
[White "Edouard, Romain"]
[Black "Stockmann, Michael"]
[Result "1-0"]
[WhiteElo "2600"]
[BlackElo "2255"]
[EventDate "2011.03.22"]
[PlyCount "49"]

1.e4 d5 2.exd5 Qxd5 3.Nc3 Qd6 4.d4 c6 5.Nf3 Bg4 6.h3 Bxf3 7.Qxf3 Qxd4 8.
Be3 Qd8 9.Bd3 Nd7 10.O-O-O Ngf6 11.g4 e6 12.Bd4 Qa5 13.h4 Bc5 14.Bxc5 Nxc5
15.Bc4 Rd8 16.g5 Nd5 17.Bxd5 cxd5 18.h5 d4 19.g6 f5 20.h6 hxg6 21.Qg3 O-O 
22.Qxg6 Rd7 23.Rdg1 Qc7 24.Qh7+ Kf7 25.hxg7 1-0

[Event "12th EUR-ch"]
[Site "Aix-les-Bains FRA"]
[Date "2011.03.24"]
[Round "3.70"]
[White "Sreeves, Clement"]
[Black "Pelletier, Yannick"]
[Result "0-1"]
[WhiteElo "2135"]
[BlackElo "2593"]
[EventDate "2011.03.22"]
[PlyCount "80"]

1.e4 e6 2.d4 d5 3.Nd2 Be7 4.Bd3 c5 5.dxc5 Nf6 6.exd5 Qxd5 7.Ngf3 Nbd7 8.
Qe2 Nxc5 9.Bc4 Qd6 10.O-O O-O 11.b3 a6 12.a4 b6 13.Bb2 Bb7 14.Rad1 Qc6 15.
Rfe1 Rad8 16.Nf1 Nh5 17.Be5 Bf6 18.Ne3 Qe4 19.Rxd8 Rxd8 20.Rd1 Nf4 21.
Rxd8+ Bxd8 22.Qd1 Nd5 23.Bxd5 exd5 24.Qd4 f6 25.Bd6 Ne6 26.Qxe4 dxe4 27.
Nd2 Kf7 28.f3 exf3 29.Nxf3 Ke8 30.Kf2 Kd7 31.Ba3 Bc7 32.g3 Nd8 33.Bf8 Ne6 
34.Ba3 Nc5 35.Nd2 Ne4+ 36.Nxe4 Bxe4 37.Bf8 g5 38.c4 Bd6 39.Bxd6 Kxd6 40.b4
f5 0-1

[Event "12th EUR-ch"]
[Site "Aix-les-Bains FRA"]
[Date "2011.03.24"]
[Round "3.71"]
[White "Jakovenko, Dmitry"]
[Black "Dragomirescu, Robin-Alexandru"]
[Result "1-0"]
[WhiteElo "2718"]
[BlackElo "2385"]
[EventDate "2011.03.22"]
[PlyCount "33"]

1.d4 d5 2.c4 c6 3.Nf3 e6 4.e3 Nf6 5.Bd3 Nbd7 6.O-O Bd6 7.Nc3 O-O 8.e4 dxe4
9.Nxe4 Nxe4 10.Bxe4 Nf6 11.Bg5 h6 12.Bxf6 Qxf6 13.c5 Bc7 14.Re1 Rd8 15.Qb3
g5 16.Rad1 Kg7 17.Qc3 1-0

[Event "12th EUR-ch"]
[Site "Aix-les-Bains FRA"]
[Date "2011.03.24"]
[Round "3.72"]
[White "Zawadzka, Jolanta"]
[Black "Caruana, Fabiano"]
[Result "0-1"]
[WhiteElo "2386"]
[BlackElo "2716"]
[EventDate "2011.03.22"]
[PlyCount "80"]

1.e4 c5 2.Nf3 e6 3.d4 cxd4 4.Nxd4 a6 5.Nc3 Qc7 6.Bd3 Nf6 7.O-O d6 8.Kh1 
Nbd7 9.f4 Be7 10.Qe2 Nc5 11.Bd2 O-O 12.Rae1 Nxd3 13.Qxd3 b5 14.a3 Bb7 15.
Qh3 Qc4 16.Nb3 a5 17.e5 Nd7 18.exd6 Bxd6 19.Be3 b4 20.Nd2 Qc6 21.axb4 Bxb4
22.Bd4 Qd6 23.Qe3 Rae8 24.Nde4 Qc6 25.Qg3 f6 26.Rd1 Kh8 27.Bg1 Nb6 28.Rf3 
Nc4 29.b3 Nd6 30.Nxd6 Bxd6 31.Ne2 e5 32.c4 Rb8 33.Qh3 a4 34.fxe5 Bxe5 35.
Nf4 Qe4 36.Nd3 Bc8 37.Nf2 Qc2 38.Qh5 axb3 39.Rdd3 b2 40.Rd1 Bf5 0-1

[Event "12th EUR-ch"]
[Site "Aix-les-Bains FRA"]
[Date "2011.03.24"]
[Round "3.73"]
[White "Raznikov, Danny"]
[Black "Jobava, Baadur"]
[Result "1/2-1/2"]
[WhiteElo "2384"]
[BlackElo "2707"]
[EventDate "2011.03.22"]
[PlyCount "84"]

1.d4 Nf6 2.c4 e6 3.Nf3 c5 4.d5 exd5 5.cxd5 g6 6.Nc3 Bg7 7.e4 O-O 8.Bd3 d6 
9.h3 a6 10.a4 Nbd7 11.O-O Nh5 12.Bg5 Bf6 13.Bh6 Re8 14.Re1 Rb8 15.Be2 Ng7 
16.Bf4 Nf8 17.Nd2 g5 18.Bh2 Ng6 19.Nc4 Nf4 20.Bg4 b5 21.axb5 axb5 22.Na5 
b4 23.Nc6 bxc3 24.Nxd8 cxb2 25.Rb1 Rxd8 26.Bxf4 gxf4 27.Bxc8 Rdxc8 28.e5 
Bxe5 29.Rxe5 dxe5 30.Qe2 f3 31.Qxe5 Re8 32.Qc3 Re2 33.Qxf3 Rc2 34.Qd1 Rc4 
35.Qd2 Rcb4 36.Qc3 R4b5 37.h4 h5 38.d6 Ne6 39.Kh2 R5b6 40.Qc2 Rb5 41.g3 c4
42.Qc3 Nf8 1/2-1/2

[Event "12th EUR-ch"]
[Site "Aix-les-Bains FRA"]
[Date "2011.03.24"]
[Round "3.74"]
[White "Zhigalko, Sergei"]
[Black "Kadric, Denis"]
[Result "1-0"]
[WhiteElo "2680"]
[BlackElo "2379"]
[EventDate "2011.03.22"]
[PlyCount "69"]

1.e4 c5 2.Nf3 d6 3.d4 cxd4 4.Nxd4 Nf6 5.Nc3 a6 6.Be3 e5 7.Nb3 Be7 8.f3 Be6
9.Qd2 O-O 10.O-O-O a5 11.a4 Na6 12.g4 Nb4 13.g5 Nh5 14.Rg1 Rc8 15.Kb1 Qc7 
16.Qf2 Nf4 17.Bxf4 exf4 18.Nd4 Qb6 19.Rg2 Rfd8 20.Nxe6 Qxf2 21.Rxf2 fxe6 
22.h4 Rc5 23.Nb5 Nc6 24.Bh3 Kf7 25.Rfd2 d5 26.exd5 exd5 27.Nc7 Rc4 28.Be6+
Kg6 29.Nxd5 Rxd5 30.Rxd5 Rxa4 31.Rd7 Rb4 32.Bd5 Bf8 33.Bf7+ Kf5 34.R1d5+ 
Ne5 35.Rxe5+ 1-0

[Event "12th EUR-ch"]
[Site "Aix-les-Bains FRA"]
[Date "2011.03.24"]
[Round "3.75"]
[White "Miedema, David"]
[Black "Zvjaginsev, Vadim"]
[Result "0-1"]
[WhiteElo "2380"]
[BlackElo "2663"]
[EventDate "2011.03.22"]
[PlyCount "66"]

1.d4 c5 2.d5 g6 3.c4 Bg7 4.e4 d6 5.Nc3 Nf6 6.Nf3 O-O 7.h3 Nh5 8.g4 Nf6 9.
Bf4 Qa5 10.Qd2 a6 11.Bd3 b5 12.O-O Nbd7 13.Rfe1 bxc4 14.Bxc4 Qb4 15.Bf1 h5
16.g5 Ne8 17.e5 Rb8 18.b3 dxe5 19.Nxe5 Nd6 20.a3 Nxe5 21.Rxe5 Qa5 22.Ne4 
Qxd2 23.Nxd2 Bxe5 24.Bxe5 Bb7 25.Nc4 Bxd5 26.Nxd6 exd6 27.Bxd6 Rxb3 28.
Bxf8 Kxf8 29.Rc1 Rxa3 30.Rxc5 Be6 31.Bg2 Bxh3 32.Bxh3 Rxh3 33.Ra5 Rf3 0-1

[Event "12th EUR-ch"]
[Site "Aix-les-Bains FRA"]
[Date "2011.03.24"]
[Round "3.76"]
[White "Smirin, Ilia"]
[Black "Petre, Nad-Titus"]
[Result "1-0"]
[WhiteElo "2658"]
[BlackElo "2377"]
[EventDate "2011.03.22"]
[PlyCount "58"]

1.e4 c5 2.Nf3 e6 3.d4 cxd4 4.Nxd4 Nc6 5.Nc3 Qc7 6.f4 Qb6 7.Nb3 Bb4 8.Qf3 
Nf6 9.Be3 Qc7 10.Bd3 d5 11.e5 Ne4 12.Bxe4 dxe4 13.Qxe4 Bxc3+ 14.bxc3 b6 
15.Qc4 O-O 16.Nd4 Bb7 17.Nb5 Qe7 18.Nd6 Na5 19.Qe2 Qc7 20.Bd4 f5 21.Rg1 
Rad8 22.g4 Rd7 23.gxf5 exf5 24.e6 Re7 25.Nf7 Rfxf7 26.exf7+ Kxf7 27.Rxg7+ 
Kf8 28.Qxe7+ Qxe7+ 29.Rxe7 Kxe7 1-0

[Event "12th EUR-ch"]
[Site "Aix-les-Bains FRA"]
[Date "2011.03.24"]
[Round "3.77"]
[White "Milliet, Sophie"]
[Black "Kurnosov, Igor"]
[Result "1/2-1/2"]
[WhiteElo "2369"]
[BlackElo "2653"]
[EventDate "2011.03.22"]
[PlyCount "62"]

1.e4 d6 2.d4 Nf6 3.Nc3 g6 4.Be3 a6 5.Be2 Bg7 6.f4 O-O 7.e5 Nfd7 8.Nf3 c5 
9.dxc5 dxe5 10.fxe5 Nxe5 11.Nxe5 Bxe5 12.Qxd8 Rxd8 13.Na4 Nc6 14.c3 Be6 
15.Nb6 Rab8 16.O-O f5 17.a4 a5 18.Bb5 Bb3 19.Rae1 Bf6 20.Bf4 e5 21.Bxc6 
exf4 22.Bb5 Bh4 23.Re5 Rd2 24.Bc4+ Bxc4 25.Nxc4 Rc2 26.Rxf4 Rd8 27.Nd6 Bg5
28.Rf2 Rc1+ 29.Rf1 Rc2 30.Rf2 Rc1+ 31.Rf1 Rc2 1/2-1/2

[Event "12th EUR-ch"]
[Site "Aix-les-Bains FRA"]
[Date "2011.03.24"]
[Round "3.78"]
[White "Csiba, Dominik"]
[Black "Gharamian, Tigran"]
[Result "0-1"]
[WhiteElo "2378"]
[BlackElo "2650"]
[EventDate "2011.03.22"]
[PlyCount "134"]

1.e4 e6 2.d4 d5 3.Nd2 Nf6 4.e5 Nfd7 5.Bd3 c5 6.c3 b6 7.Qa4 a5 8.Ngf3 Ba6 
9.c4 Qc7 10.O-O Nc6 11.cxd5 Bxd3 12.dxc6 Nb8 13.Re1 Qxc6 14.Qd1 c4 15.Nf1 
Na6 16.Ne3 Nb4 17.Bd2 Be7 18.Bc3 O-O 19.a4 Rfc8 20.g3 Qd7 21.Nd2 Rc6 22.
Nb1 f6 23.Na3 fxe5 24.dxe5 Nd5 25.Nxd5 Qxd5 26.Nb5 Bc5 27.Qg4 Rf8 28.Bd4 
Bb4 29.Bc3 Bc5 30.Bd4 Be7 31.Qh3 Bb4 32.Rec1 Bf5 33.Qg2 Be4 34.Qf1 Rf3 35.
Qe2 Bd3 36.Qd1 Qe4 37.Rc3 Rf7 38.Qd2 Qg4 39.Re1 h6 40.Qd1 Qg6 41.Qd2 Qg4 
42.Qd1 Qh3 43.Re3 Bg6 44.Qf1 Qxf1+ 45.Kxf1 Bxc3 46.Rxc3 Bb1 47.Be3 Rd7 48.
Nd4 Rc5 49.f4 Rcd5 50.Nb5 Rd1+ 51.Ke2 Rh1 52.Bxb6 Rxh2+ 53.Ke3 Rd3+ 54.
Rxd3 cxd3 55.Bxa5 Re2+ 56.Kf3 Rxb2 57.Nc3 Ba2 58.Ke3 Bc4 59.Ne4 Rg2 60.Bb4
Re2+ 61.Kd4 Bd5 62.Nd2 Rg2 63.Kxd3 Rxg3+ 64.Ke2 h5 65.Nf1 Rg2+ 66.Ke1 h4 
67.Ne3 h3 0-1

[Event "12th EUR-ch"]
[Site "Aix-les-Bains FRA"]
[Date "2011.03.24"]
[Round "3.79"]
[White "Sjugirov, Sanan"]
[Black "Stella, Andrea"]
[Result "1-0"]
[WhiteElo "2643"]
[BlackElo "2364"]
[EventDate "2011.03.22"]
[PlyCount "66"]

1.d4 Nf6 2.c4 g6 3.Nc3 d5 4.cxd5 Nxd5 5.e3 Bg7 6.Nxd5 Qxd5 7.Ne2 O-O 8.Nc3
Qd8 9.Be2 e5 10.d5 c6 11.e4 cxd5 12.exd5 Nd7 13.O-O b6 14.Be3 Bb7 15.Qd2 
f5 16.f3 a6 17.d6 Kh8 18.Nd5 f4 19.Bf2 e4 20.fxe4 Nc5 21.Bxc5 bxc5 22.Nc7 
Bd4+ 23.Kh1 Qxd6 24.Nxa8 Bxa8 25.Bf3 Qe5 26.Rab1 g5 27.Qe2 Rg8 28.h3 g4 
29.Bxg4 Bxe4 30.Rbd1 Be3 31.Bf3 Bg6 32.b3 a5 33.Qa6 Be4 1-0

[Event "12th EUR-ch"]
[Site "Aix-les-Bains FRA"]
[Date "2011.03.24"]
[Round "3.80"]
[White "Rozhko, Dmitry"]
[Black "Alexandrov, Alexei"]
[Result "1/2-1/2"]
[WhiteElo "2365"]
[BlackElo "2638"]
[EventDate "2011.03.22"]
[PlyCount "149"]

1.d4 Nf6 2.Nf3 d6 3.Bf4 c5 4.c3 Nc6 5.e3 Nh5 6.Bg5 Qb6 7.Qb3 h6 8.Bh4 cxd4
9.Qxb6 axb6 10.Nxd4 Nxd4 11.cxd4 g5 12.Bg3 e6 13.Nc3 Ke7 14.Bb5 Bg7 15.f3 
Nxg3 16.hxg3 f5 17.Ke2 f4 18.g4 d5 19.Kd3 fxe3 20.Kxe3 Bd7 21.Bxd7 Kxd7 
22.Kd3 Rhc8 23.b3 Rc6 24.Rac1 b5 25.a4 bxa4 26.Nxa4 Kd6 27.Rhe1 Re8 28.
Rxc6+ bxc6 29.Nc5 e5 30.Nb7+ Kc7 31.Nc5 Re7 32.b4 Kd6 33.dxe5+ Bxe5 34.Kc2
Bf6 35.Rxe7 Bxe7 36.Kc3 Kc7 37.Kb3 Kb6 38.Na4+ Ka6 39.Nc3 Kb6 40.Na4+ Kc7 
41.Nc5 Bd6 42.Ka4 Kb6 43.Nd7+ Ka7 44.Nc5 Bf4 45.Ka5 Bd2 46.Nb3 Be1 47.Nc5 
Bg3 48.Ka4 Kb6 49.Nd7+ Kc7 50.Nc5 Kd6 51.Nd3 Bh2 52.Kb3 Bg1 53.Kc3 Bb6 54.
Kb3 Ke6 55.Kc3 Kf6 56.Kb3 Bc7 57.Kc3 Bb6 58.Kb3 Bd4 59.Kc2 Kg6 60.Nc1 Be5 
61.Nd3 Bd6 62.Kc3 h5 63.gxh5+ Kxh5 64.Kd4 Kh4 65.b5 cxb5 66.Kxd5 Be7 67.
Nf2 Kg3 68.Ne4+ Kf4 69.g3+ Kxf3 70.Nxg5+ Ke3 71.Nf7 Kd2 72.Ne5 Kc3 73.Nc6 
Bf8 74.g4 b4 75.Nxb4 1/2-1/2

[Event "12th EUR-ch"]
[Site "Aix-les-Bains FRA"]
[Date "2011.03.24"]
[Round "3.81"]
[White "Serov, Maksim"]
[Black "Khalifman, Alexander"]
[Result "1/2-1/2"]
[WhiteElo "2352"]
[BlackElo "2637"]
[EventDate "2011.03.22"]
[PlyCount "42"]

1.d4 d5 2.Nf3 Nf6 3.c4 c6 4.Qb3 e6 5.g3 Be7 6.Bg2 O-O 7.Nc3 Nbd7 8.O-O Nb6
9.cxd5 exd5 10.Ne5 Ng4 11.Nd3 Nc4 12.Rd1 Nf6 13.Bf4 Nd6 14.Bxd6 Bxd6 15.e4
dxe4 16.Nxe4 Nxe4 17.Bxe4 Qf6 18.Nc5 Rb8 19.Rac1 Kh8 20.Bf3 Qe7 21.Re1 Qd8
1/2-1/2

[Event "12th EUR-ch"]
[Site "Aix-les-Bains FRA"]
[Date "2011.03.24"]
[Round "3.82"]
[White "Maevsky, Nikolay"]
[Black "Lenic, Luka"]
[Result "0-1"]
[WhiteElo "2342"]
[BlackElo "2623"]
[EventDate "2011.03.22"]
[PlyCount "60"]

1.Nf3 Nf6 2.c4 e6 3.g3 d5 4.Bg2 Be7 5.O-O O-O 6.b3 d4 7.e3 c5 8.exd4 cxd4 
9.Re1 Nc6 10.Bb2 Re8 11.a3 a5 12.d3 Bf8 13.Ne5 Nxe5 14.Rxe5 Ra6 15.Nd2 Nd7
16.Rb5 Nc5 17.Ne4 b6 18.b4 Nxe4 19.Bxe4 Bd7 20.Re5 axb4 21.axb4 Rxa1 22.
Bxa1 f6 23.Rh5 f5 24.Bg2 g6 25.Rh4 e5 26.Bd5+ Be6 27.Bc6 Re7 28.Qe2 Qd6 
29.b5 Ra7 30.Qe1 Be7 0-1

[Event "12th EUR-ch"]
[Site "Aix-les-Bains FRA"]
[Date "2011.03.24"]
[Round "3.83"]
[White "Volkov, Sergey"]
[Black "Sarbok, Torsten"]
[Result "1-0"]
[WhiteElo "2621"]
[BlackElo "2347"]
[EventDate "2011.03.22"]
[PlyCount "95"]

1.d4 d5 2.c4 dxc4 3.e4 Nf6 4.e5 Nd5 5.Bxc4 Nb6 6.Bd3 Nc6 7.Ne2 Bg4 8.f3 
Bh5 9.Nbc3 e6 10.Be4 Bg6 11.O-O Be7 12.Be3 O-O 13.Bf2 Qd7 14.a3 a5 15.Qc2 
a4 16.Rac1 Na5 17.Nf4 Bxe4 18.fxe4 Nac4 19.d5 Qc8 20.Nd3 Ra5 21.Bd4 Qd7 
22.Nf4 Qc8 23.Nh5 c5 24.Bf2 Nxe5 25.d6 Bg5 26.h4 Bh6 27.Qe2 f6 28.Bg3 Nbd7
29.Nb5 Nc6 30.Bf4 Bxf4 31.Nxf4 e5 32.Ne6 Rf7 33.Ng5 Qf8 34.Nxf7 Qxf7 35.
Rf5 Nd4 36.Nxd4 exd4 37.Qf3 b6 38.e5 Ra7 39.exf6 Nxf6 40.Re5 h6 41.Rce1 c4
42.Re7 Rxe7 43.Rxe7 Qf8 44.Qc6 b5 45.Qxb5 Kh7 46.Qxc4 Ng4 47.Qd3+ Kh8 48.
Qxd4 1-0

[Event "12th EUR-ch"]
[Site "Aix-les-Bains FRA"]
[Date "2011.03.24"]
[Round "3.84"]
[White "Fejzullahu, Afrim"]
[Black "Popov, Ivan"]
[Result "1/2-1/2"]
[WhiteElo "2341"]
[BlackElo "2613"]
[EventDate "2011.03.22"]
[PlyCount "160"]

1.e4 c6 2.d4 d5 3.exd5 cxd5 4.Bd3 Nc6 5.c3 Qc7 6.Nf3 Bg4 7.h3 Bh5 8.Nbd2 
e6 9.O-O Bd6 10.Re1 Nf6 11.a4 O-O 12.Qe2 Rfe8 13.Qf1 a6 14.g4 Bg6 15.Bxg6 
hxg6 16.Qg2 b5 17.axb5 axb5 18.Rxa8 Rxa8 19.Qf1 b4 20.c4 dxc4 21.Nxc4 Na5 
22.Nfe5 Nd5 23.Qd3 Bxe5 24.Nxe5 Nc6 25.Bd2 Nxe5 26.dxe5 Ra2 27.Qb3 Ra5 28.
Qd3 Rc5 29.Re4 Qa5 30.Kg2 Qa4 31.Rxb4 Qd1 32.Rb8+ Kh7 33.Qa3 Qe2 34.Qxc5 
Qxe5 35.Kg1 Qxb8 36.b4 Qe5 37.b5 Qa1+ 38.Kg2 Qb2 39.Bc1 Qe2 40.b6 Qe4+ 41.
Kg3 Qb1 42.Be3 f5 43.Qd4 f4+ 44.Bxf4 Nxb6 45.Be5 Nd5 46.Qa7 Qg1+ 47.Kh4 
Ne7 48.Qxe7 Qxf2+ 49.Bg3 Qd2 50.Qg5 Qe2 51.Qe5 Qd2 52.Bf4 Qf2+ 53.Bg3 Qd2 
54.Be1 Qd8+ 55.Kg3 Qd3+ 56.Kg2 Qc2+ 57.Bf2 Qc6+ 58.Kg3 Qd7 59.Bd4 Qf7 60.
g5 Qe7 61.Kg4 Qb7 62.Qxg7+ Qxg7 63.Bxg7 Kxg7 64.Kf4 Kf8 65.Ke4 Ke8 66.Kd4 
Kd7 67.Ke5 Ke7 68.h4 Kf7 69.Kd6 e5 70.Kxe5 Ke7 71.Kd5 Kd7 72.Ke4 Ke6 73.
Kf4 Kf7 74.Ke5 Ke7 75.Kd5 Kd7 76.Kd4 Kd6 77.Ke4 Ke6 78.Kf4 Kf7 79.Kg4 Kf8 
80.Kf4 Kf7 1/2-1/2

[Event "12th EUR-ch"]
[Site "Aix-les-Bains FRA"]
[Date "2011.03.24"]
[Round "3.85"]
[White "Chatalbashev, Boris"]
[Black "Buchal, Stephan"]
[Result "1-0"]
[WhiteElo "2602"]
[BlackElo "2337"]
[EventDate "2011.03.22"]
[PlyCount "49"]

1.d4 g6 2.e4 Bg7 3.Nc3 d6 4.Be3 a6 5.f4 b5 6.Nf3 Nd7 7.Bd3 Bb7 8.e5 c5 9.
Be4 Bxe4 10.Nxe4 Nh6 11.Qe2 O-O 12.dxc5 dxe5 13.fxe5 Nf5 14.Bf4 Qc7 15.
O-O-O f6 16.g4 fxe5 17.gxf5 exf4 18.fxg6 Nxc5 19.gxh7+ Kh8 20.Rhg1 Rad8 
21.Rxd8 Rxd8 22.Nxc5 Qxc5 23.Qg2 Bxb2+ 24.Kb1 Qc4 25.Qg8+ 1-0

[Event "12th EUR-ch"]
[Site "Aix-les-Bains FRA"]
[Date "2011.03.24"]
[Round "3.86"]
[White "Getz, Nicolai"]
[Black "Kovacevic, Aleksandar"]
[Result "1/2-1/2"]
[WhiteElo "2333"]
[BlackElo "2598"]
[EventDate "2011.03.22"]
[PlyCount "63"]

1.e4 c5 2.Nf3 d6 3.d4 cxd4 4.Nxd4 Nf6 5.Nc3 a6 6.Be3 e5 7.Nb3 Be7 8.Be2 
Be6 9.Nd5 Nxd5 10.exd5 Bf5 11.O-O O-O 12.f4 exf4 13.Bxf4 Nd7 14.Nd4 Bg6 
15.Kh1 Re8 16.c3 Ne5 17.Bh5 Bf6 18.Bxg6 hxg6 19.Nb3 Nc4 20.Rb1 Qd7 21.Qf3 
Be5 22.Nd2 Bxf4 23.Qxf4 Ne5 24.b4 Nd3 25.Qd4 Ne5 26.c4 Rac8 27.c5 dxc5 28.
bxc5 Nc6 29.Qc4 Ne5 30.Qd4 Nc6 31.Qc4 Ne5 32.Qd4 1/2-1/2

[Event "12th EUR-ch"]
[Site "Aix-les-Bains FRA"]
[Date "2011.03.24"]
[Round "3.87"]
[White "Mamedov, Nidjat"]
[Black "Nuri, Kambez"]
[Result "1-0"]
[WhiteElo "2583"]
[BlackElo "2314"]
[EventDate "2011.03.22"]
[PlyCount "51"]

1.e4 c5 2.Nf3 Nc6 3.Nc3 d6 4.d4 cxd4 5.Nxd4 Nf6 6.f3 e5 7.Nb3 Be7 8.Be3 
O-O 9.Qd2 a5 10.Bb5 Be6 11.Rd1 Na7 12.Bd3 Nc8 13.O-O Nb6 14.Qf2 Nc4 15.
Bxc4 Bxc4 16.Rfe1 Qd7 17.a4 b5 18.Nd2 Rfc8 19.Nxc4 Rxc4 20.axb5 a4 21.Qe2 
Rac8 22.Ra1 d5 23.Rxa4 Bb4 24.exd5 Nxd5 25.Nxd5 Qxd5 26.c3 1-0